<?xml version="1.0" encoding="UTF-8"?>
<collection xmlns="http://www.loc.gov/MARC21/slim">
 <record>
  <leader>07183nam a2200337 a 4500</leader>
  <controlfield tag="001">1/45412</controlfield>
  <controlfield tag="008">140827s2005    ne            001 0 eng  </controlfield>
  <datafield tag="020" ind1=" " ind2=" ">
   <subfield code="a">9780123875822</subfield>
  </datafield>
  <datafield tag="020" ind1=" " ind2=" ">
   <subfield code="a">012387582X</subfield>
  </datafield>
  <datafield tag="020" ind1=" " ind2=" ">
   <subfield code="a">0080481647 (electronic bk.)</subfield>
  </datafield>
  <datafield tag="020" ind1=" " ind2=" ">
   <subfield code="a">9780080481647 (electronic bk.)</subfield>
  </datafield>
  <datafield tag="035" ind1=" " ind2=" ">
   <subfield code="l">48372</subfield>
  </datafield>
  <datafield tag="040" ind1=" " ind2=" ">
   <subfield code="a">OPELS</subfield>
   <subfield code="b">eng</subfield>
   <subfield code="c">OPELS</subfield>
   <subfield code="d">BAKER</subfield>
   <subfield code="d">OCLCQ</subfield>
   <subfield code="d">MERUC</subfield>
   <subfield code="d">SINTU</subfield>
   <subfield code="d">IDEBK</subfield>
   <subfield code="d">OCLCQ</subfield>
   <subfield code="d">OCLCF</subfield>
   <subfield code="d">GR-PeUP</subfield>
  </datafield>
  <datafield tag="245" ind1="0" ind2="4">
   <subfield code="a">The visualization handbook</subfield>
   <subfield code="h">[electronic resource] /</subfield>
   <subfield code="c">edited by Charles D. Hansen, Chris R. Johnson.</subfield>
  </datafield>
  <datafield tag="260" ind1=" " ind2=" ">
   <subfield code="a">Amsterdam ;</subfield>
   <subfield code="a">Boston :</subfield>
   <subfield code="b">Elsevier-Butterworth Heinemann,</subfield>
   <subfield code="c">c2005.</subfield>
  </datafield>
  <datafield tag="300" ind1=" " ind2=" ">
   <subfield code="a">1 online resource (xvii, 962 p.) :</subfield>
   <subfield code="b">ill.</subfield>
  </datafield>
  <datafield tag="520" ind1=" " ind2=" ">
   <subfield code="a">The Visualization Handbook provides an overview of the field of visualization by presenting the basic concepts, providing a snapshot of current visualization software systems, and examining research topics that are advancing the field. This text is intended for a broad audience, including not only the visualization expert seeking advanced methods to solve a particular problem, but also the novice looking for general background information on visualization topics. The largest collection of state-of-the-art visualization research yet gathered in a single volume, this book includes articles by a whos who of international scientific visualization researchers covering every aspect of the discipline, including: Virtual environments for visualization Basic visualization algorithms Large-scale data visualization Scalar data isosurface methods Visualization software and frameworks Scalar data volume rendering Perceptual issues in visualization Various application topics, including information visualization. * Edited by two of the best known people in the world on the subject; chapter authors are authoritative experts in their own fields; * Covers a wide range of topics, in 47 chapters, representing the state-of-the-art of scientific visualization.</subfield>
  </datafield>
  <datafield tag="505" ind1="0" ind2=" ">
   <subfield code="a">Visualization Handbook -- Section One: -- Introduction by Johnson and Hansen -- Chapter 1. Overview of Visualization by Schroeder -- -- Section Two: Scalar Field Visualization -- Isosurfaces -- Chapter 1. Accelerated Isosurface Extraction Approaches by Livnat -- Chapter 2. Time Dependent Isosurface Extraction by Shen -- Chapter 3. Optimal Isosurface Extraction by Scopigno, Cignoni, Montani and Puppo -- Chapter 4. Isosurface Extraction using Extrema Graphs by Koyamada and Takayuki -- Chapter 5. Isosurfaces and Level-Sets by Whitaker -- Section Three: Scalar Field Visualization Volume Rendering -- Chapter 1. Overview of Volume Rendering by Arie Kaufman and Klaus Mueller -- Chapter 2. Volume Rendering using Splatting by Crawfis, Xue and Zhang -- Chapter 3. Multi-Dimensional Transfer Functions for Volume Rendering by Kniss, Kindlemann and Hansen -- Chapter 4. Preintegrated Volume Rendering by Kraus and Ertl -- Chapter 5. Hardware-Accelerated Volume Rendering by Pfister -- Section Four: Vector Field Visualization -- Chapter 1. Flow Visualization Overview by Weiskopf and Erlebacher -- Chapter 2. Flow Textures by Gordon Erlebacher, Jobard and Weiskopf -- Chapter 3. Detection and Visualization of Vortices by Jiang, Machiraju, and Thompson -- Section Five: Tensor Field Visualization -- Chapter 1. Oriented Tensor Reconstruction by Leonid Zhukov and Alan H. Barr -- Chapter 2. Diffusion Tensor MRI Visualization by Zang, Kindlemann and Laidlaw -- Chapter 3. Topological Methods for Tensor Visualization by Scheuermann and Tricoche -- Section Six: Geometric Modeling for Visualization -- Chapter 1. 3D Mesh Compression by Rossignac -- Chapter 2. Variational Modeling Methods for Visualization by Hagen and Hotz -- Chapter 3. Model Simplification by Cohen and Manocha -- Section Seven: Virtual Environments for Visualization -- Chapter 1. Direct Manipulation in Virtual Reality by Bryson -- Chapter 2. The Visual Haptic Workbench by Ikits and Brederson -- Chapter 3. Virtual Geographic Information Systems by Ribarsky -- Chapter 4. Visualization Using Virtual Reality by Loften, Chen and Rosenblum -- Section Eight: Large-scale Data Visualization -- Chapter 1. A Desktop Delivery: Access to Large Data Sets by Heermann and Pavlakos -- Chapter 2. Techniques for Visualizing Time-Varying Volume Data by Ma and Lum -- Chapter 3. Large Scale Data Visualization and Rendering: A Problem Driven Approach by McCormick and Ahrens -- Chapter 4. Issues and Architectures for Large Data Visualization by Pavlakos and Heermann -- Chapter 5. Consuming Network Bandwidth with Visapult by Bethel and Shalf -- Section Nine: Visualization Software and Frameworks -- Chapter 1. VTK The Visualization Toolkit by Schroeder and Martin -- Chapter 2. Visualization in the SCIRun Problem Solving Environment by Parker et al. -- Chapter 3. NAGs Iris Explorer by Walton -- Chapter 4. AVS and AVS Express by Favre and Valle -- Chapter 5. Vis5D, Cave5D and VisAD by Hibbard -- Chapter 6. Visualization with AVS by Manchester Visualization Center -- Chapter 7. ParaView by Ahrens, Geveci and Law -- Chapter 8. The Insight Toolkit (ITK) by Yoo -- Chapter 9. Amira- a Highly-interation system for Visual Data Analysis by Stalling, Westerhoff, Hege -- Section Ten: Perceptual Issues in Visualization -- Chapter 1. Extending Visualization to Perception: The Importance of Perception in Effective Communication of Information by Ebert -- Chapter 2. Art and Science Visualization by Interrante -- Chapter 3. Exploiting Human Visual Perception in Visualization by Chalmers and Cater -- Section Eleven: Selected Topics and Applications -- Chapter 1. Scalable Network Visualization by Eick -- Chapter 2. Visual Data Mining Techniques by Keim, Sips, Ankerst -- Chapter 3. Visualization in Weather and Climate Research by Middleton and Wilhelmson -- Chapter 4. Painting and Visualization by Kirby, Keefe, and Laidlaw -- Chapter 5. Visualization and Natural Control Systems for Microscopy by Taylor, Borland, Brooks, Falvo et al. -- Chapter 6. Visualization for Computational Accelerator Physics by Ma, Schussonan, Wilson.</subfield>
  </datafield>
  <datafield tag="504" ind1=" " ind2=" ">
   <subfield code="a">Includes bibliographical references and index.</subfield>
  </datafield>
  <datafield tag="505" ind1="2" ind2=" ">
   <subfield code="a">Part I. Introduction -- Part II. Scalar field visualization: isosurfaces -- Part III. Scalar field visualization: volume rendering -- Part IV. Vector field visualization -- Part V. Tensor field visualization -- Part VI. Geometric modeling for visualization -- Part VII. Virtual environments for visualization -- Part VIII. Large-scale data visualization -- Part IX. Visualization software and frameworks -- Part X. Perceptual issues in visualization -- Part XI. Selected topics and applications.</subfield>
  </datafield>
  <datafield tag="650" ind1=" " ind2="4">
   <subfield code="a">Information visualization.</subfield>
  </datafield>
  <datafield tag="650" ind1=" " ind2="4">
   <subfield code="a">Computer graphics.</subfield>
  </datafield>
  <datafield tag="655" ind1=" " ind2="4">
   <subfield code="a">Electronic books.</subfield>
  </datafield>
  <datafield tag="700" ind1="1" ind2=" ">
   <subfield code="a">Hansen, Charles D.</subfield>
  </datafield>
  <datafield tag="700" ind1="1" ind2=" ">
   <subfield code="a">Johnson, Chris R.</subfield>
  </datafield>
  <datafield tag="852" ind1=" " ind2=" ">
   <subfield code="a">INST</subfield>
   <subfield code="b">UNIPILB</subfield>
   <subfield code="c">EBOOKS</subfield>
   <subfield code="e">20140827</subfield>
   <subfield code="p">00b48372</subfield>
   <subfield code="q">00b48372</subfield>
   <subfield code="t">ONLINE</subfield>
   <subfield code="y">0</subfield>
  </datafield>
  <datafield tag="856" ind1="4" ind2="0">
   <subfield code="3">ScienceDirect</subfield>
   <subfield code="u">http://www.sciencedirect.com/science/book/9780123875822</subfield>
  </datafield>
  <datafield tag="856" ind1="4" ind2=" ">
   <subfield code="d">/webopac/covers/03/48372_9780123875822.jpg</subfield>
  </datafield>
  <datafield tag="856" ind1="4" ind2=" ">
   <subfield code="d">/webopac/covers/03/48372_012387582X.jpg</subfield>
  </datafield>
  <datafield tag="856" ind1="4" ind2=" ">
   <subfield code="d">/webopac/covers/03/48372_0080481647.jpg</subfield>
   <subfield code="z">(electronic bk.)</subfield>
  </datafield>
  <datafield tag="856" ind1="4" ind2=" ">
   <subfield code="d">/webopac/covers/03/48372_9780080481647.jpg</subfield>
   <subfield code="z">(electronic bk.)</subfield>
  </datafield>
 </record>
</collection>
